An introduction to support vector machines : and other kernel-based learning methods

Αποθηκεύτηκε σε:
Λεπτομέρειες βιβλιογραφικής εγγραφής
Κύριος συγγραφέας: Cristianini, Nello
Άλλοι συγγραφείς: Shawe-Taylor, John
Μορφή: Βιβλίο
Γλώσσα:English
Δημοσίευση: Cambridge ; New York : Cambridge University Press, 2000 (2006 printing)
Θέματα:
Ετικέτες: Προσθήκη ετικέτας
Δεν υπάρχουν, Καταχωρήστε ετικέτα πρώτοι!

MARC

LEADER 00000nam a2200000 i 4500
001 1/77727
008 080318s20002006 eng d
020 |a 0-521-78019-5 
035 |l 10095557 
040 |a GR-MY-UA  |b gre  |e aacr 
041 0 |a eng 
082 0 |a 006.31  |2 (22) 
100 1 |a Cristianini, Nello. 
245 1 3 |a An introduction to support vector machines :  |b and other kernel-based learning methods /  |c Nello Christianini and John Shawe-Taylor 
260 |a Cambridge ; New York :   |b Cambridge University Press,   |c 2000 (2006 printing) 
300 |a xiii, 198 σ.;  |b εικ. (μερικές έγχρ.);  |c 26 εκ. 
504 |a Περιέχει βιβλιογραφικές παραπομπές (σ. 173-186) και ευρετήριο 
650 0 0 |a Machine learning. 
650 0 0 |a Algorithms. 
650 0 0 |a Kernel functions. 
700 1 |a Shawe-Taylor, John. 
852 |a INST  |b SAMOS  |e 20080318  |h 006.31 CRI  |p 005300026657  |q 005300026657  |t BK  |y 0 
901 |a BIBL3-2008-1 
909 |a Σ  |b 142505 
922 |a 3ΕΛΗ  |b 200712  |c ΕΠΕΑΕΚ2/ΤΜΠΕΣ  |d ΕΛΕΥΘΕΡΟΥΔΑΚΗΣ 
970 |a ΡΟΥΣΣΟΥ  |b ΚΩΝΣΤΑΝΤΙΝΑ  |z 2008/03/18